| 000 | 00716nam a2200289Ia 4500 | ||
|---|---|---|---|
| 005 | 20260324134042.0 | ||
| 008 | 008 260324s9999 xx 000 0 eng d | ||
| 020 | _a9780429232336 | ||
| 037 | _aEBOOK | ||
| 040 | _aCRL | ||
| 040 | _beng | ||
| 040 | _cCRL | ||
| 041 | _2eng | ||
| 041 | _aeng | ||
| 084 | _qCRL | ||
| 100 |
_aDavid Dickinson; William Allen _91195392 |
||
| 245 | 0 | _aMonetary Policy, Capital Flows and Exchange Rates | |
| 245 | 0 | _bEssays in Memory of Maxwell Fry | |
| 260 | _bTaylor and Francis | ||
| 260 | _c2002 | ||
| 365 | _a | ||
| 365 | _b290 | ||
| 856 | _uhttp://www.taylorfrancis.com/books/9780429232336 | ||
| 942 | _cEBOOK | ||
| 999 |
_c1795055 _d1795055 |
||